Phát triển công nghiệp hỗ trợ ngành sản xuất và lắp ráp ô tô của Việt Nam nhìn từ kinh nghiệm của Hàn Quốc và Thái Lan

Na minha lista:
Detalhes bibliográficos
Formato: Sách
Idioma:Undetermined
Publicado em: Công thương 2021
Assuntos:
Tags: Adicionar Tag
Sem tags, seja o primeiro a adicionar uma tag!
Thư viện lưu trữ: Trung tâm Thư viện - Trường Đại học Công nghiệp TP. Hồ Chí Minh
LEADER 00563nam a2200133Ia 4500
001 UIH_00116
008 230809s9999 xx 000 0 und d
082 |a 338 
245 0 |a Phát triển công nghiệp hỗ trợ ngành sản xuất và lắp ráp ô tô của Việt Nam nhìn từ kinh nghiệm của Hàn Quốc và Thái Lan 
260 |b Công thương 
260 |c 2021 
650 |a Công nghiệp hỗ trợ; 
927 |a Sách 
980 |a Trung tâm Thư viện - Trường Đại học Công nghiệp TP. Hồ Chí Minh